Statistics for Countries Bordering Countries Starting With E

Click here to take the quiz!

General Stats

  • This quiz has been taken 41 times
  • The average score is 16 of 20

Answer Stats

Country% Correct
Sudan
97%
Somalia
94%
South Sudan
94%
Djibouti
87%
Eritrea
87%
Latvia
87%
Russia
87%
South Africa
87%
Kenya
84%
Ethiopia
81%
Libya
81%
Colombia
77%
Guatemala
77%
Honduras
77%
Peru
77%
Cameroon
74%
Gabon
74%
Mozambique
74%
Israel
71%
Indonesia
68%

Score Distribution

Percentile by Number Answered

Percent of People with Each Score

Your Score History

You have not taken this quiz